000 00561nam a2200181Ia 4500
999 _c11435
_d11435
003 OSt
005 20201118152936.0
008 190216s9999||||xx |||||||||||||| ||und||
020 _a9780071333412
040 _coclc
082 _a657
_bRAM/F
100 _aRamachandran, N
_91287
245 0 _aFinancial Accounting For Management /
_cN Ramachandran ; Ram kumar Kakani
250 _a3rd ed.
260 _bMc Graw Hill Education (india) Private Limited,
_c2014.
_aNew Delhi:
300 _a753p
942 _cBK
_2ddc
_h657
_iRAM/F
_k657
_mRAM/F